| 000 | 00526nam a2200157Ia 4500 | ||
|---|---|---|---|
| 008 | 210428s9999 xx 000 0 und d | ||
| 020 | _a1-56347-694-0 | ||
| 082 | _a660.04 Z36 F | ||
| 100 |
_aPaul Zarchan, Howard Musoff _9127184 |
||
| 245 | 0 | _aFundamentals of Kalman Filtering A Practical Approach | |
| 250 | _a2nd edition | ||
| 260 |
_bAmerican Institute of Aeronautics and Astronautics _aWashington, DC _c2005 |
||
| 300 | _a764p | ||
| 440 |
_aProgress in astronautics and aeronautics V-208 _9127185 |
||
| 942 |
_cBK _2ddc |
||
| 999 |
_c559927 _d559927 |
||